000 004990000a22001930004500
001 003786
003 MACL
005 20150802153442.0
008 150802b xxu||||| |||| 00| 0 eng d
040 _aMACL
_cMACL
041 _aEnglish
082 _a388.1/PAY
100 _aRay, Alok
_9684
245 _aCrossR̜oads
_bSocial Reforms In Nineteenth Century India
_cAlok Ray
260 _aKolkata
_c2005
_bRadiance,
350 _a250
650 _aGround Transportattion
_94398
942 _k388
_cBK
_2ddc
999 _c15679
_d15679